000 00308nam a22001337a 4500
008 181107b xxu||||| |||| 00| 0 eng d
020 _a9780871013491
041 _aeng
080 _a316
100 _a50
101 _aSOC
245 _aFoundations of social work practice
_cMattaini, M.A
942 _2udc
_cBK
999 _c52166
_d52166